01346 2200277 4500001002100000005001500021035002000036007000300056008004100059020001800100082001100118084001500129245015900144250002000303300002500323650003400348700002900382700002400411505049300435710002000928264003000948336002100978337003000999338002301029990001601052INLIS00000000000021820260417035840 a0010-0426000217ta260417 g 0 ind  a9789792931532 a005.54 a005.54 APL aAplikasi database untuk tugas akhir menggunakan visual basic 2010 /ceditor, Nikodemus WK ; setting, Sri Mulanto ; desain cover, dan_dut ; korektor, Erang acetakan pertama a184 halaman ;c23 cm 4aBahasa Pemrograman (Komputer)0 aNikodemus WKePenyunting0 adan_duteIlustrator aBuku ini berisi panduan praktis untuk mempelajari Microsoft Excel dari dasar hingga tingkat lanjutan secara mandiri. Disajikan dalam bentuk tutorial langkah demi langkah, buku ini mencakup berbagai fitur Excel dari berbagai versi, seperti pengolahan data, penggunaan rumus dan fungsi, pembuatan tabel dan grafik, hingga teknik analisis data sederhana. Cocok untuk pemula maupun pengguna yang ingin meningkatkan keterampilan dalam mengoperasikan Excel untuk kebutuhan pekerjaan atau studi.0 aWahana Komputer aYogyakarta :bANDI,c2012 2rdacontentateks 2rdamediaatanpa perantara 2rdacarrieravolume aPP000389/19